| 000 | 00819nam a2200253Ia 4500 | ||
|---|---|---|---|
| 003 | OSt | ||
| 005 | 20220925205014.0 | ||
| 006 | a|||||r|||| 00| 0 | ||
| 007 | ta | ||
| 008 | 220923b |||||||| |||| 00| 0 eng d | ||
| 020 |
_a0333802462 _c2685.00for 3 copies |
||
| 037 |
_b8152, 27/11/2000, SBD _cGeneral Book |
||
| 040 |
_aRTL _cRTL _beng |
||
| 041 |
_2eng _aeng |
||
| 082 | _aX:(B), P0/TD1;2 | ||
| 100 |
_aPatterson Kerry _9269447 |
||
| 245 | 0 |
_aIntroduction to applied econometrics _b A time seriesapproach |
|
| 260 |
_aHampshire _bMacmillan _c2000 |
||
| 300 |
_axxvii, 795p. _ccm. |
||
| 500 | _aBibliography: p 760-73; Appendix: p 752-59 | ||
| 650 | _aEconometrics | ||
| 942 |
_hX:(B), P0/TD1;2 _cGB _2CC |
||
| 999 |
_c550979 _d550979 |
||